000 00925nam a2200265 i 4500
001 bg
003 BPK
005 20190918085016.0
008 s1981 pl f |000 0 pol
040 _cBPK
080 _a624.131
080 _a553.6
080 _a631.4
100 1 _aKisiel, Igor
_d(1910-1988)
_eAutor
245 1 0 _aWspółczesne problemy mechaniki iłów /
_cIgor Kisiel ; Wszechnica Polskiej Akademii Nauk.
260 _aWrocław [etc.] :
_bZakład Narodowy im. Ossolińskich :
_bWydawnictwo Polskiej Akademii Nauk,
_c1981.
300 _a106 s. :
_bil. ;
_c21 cm.
490 1 _aNajnowsze Osiągnięcia Nauki.
504 _aBibliogr. s. 105-106.
650 4 _a
_xmechanika.
650 9 _aMechanika gruntów
830 _aNajnowsze Osiągnięcia Nauki.
942 _cKS
_2UKD
856 _uhttp://koha.tu.koszalin.pl/cgi-bin/koha/opac-detail.pl?biblionumber=50780
_yKatalog online BPK
999 _c50780
_d50780